|
|
|
|
| LEADER |
00000nas a2200000 a 4500 |
| 001 |
ssj0000491203 |
| 003 |
WaSeSS |
| 005 |
20200512172242.0 |
| 006 |
m d |
| 007 |
cr n |
| 008 |
860908c19859999pk qr p s 0 0eng |
| 010 |
|
|
|a 86930688
|
| 022 |
|
|
|l 1028-1193
|y 1028-1193
|
| 035 |
|
|
|a (WaSeSS)ssj0000491203
|
| 037 |
|
|
|b M. Asghar Qureshi, P.O. Box 471, Nishatabad, Faisalabad
|
| 040 |
|
|
|a DLC
|b eng
|c DLC
|d AGL
|d NST
|d OCLCQ
|d OCLCO
|d OCLCQ
|d OCLCF
|d CUS
|d OCLCA
|d OCLCQ
|d WaSeSS
|
| 042 |
|
|
|a pcc
|
| 043 |
|
|
|a a-pk---
|
| 050 |
0 |
0 |
|a HD9116.P2
|b P34
|
| 070 |
0 |
|
|a HD9116.P32P34
|
| 072 |
|
0 |
|a E700
|
| 072 |
|
0 |
|a F120
|
| 072 |
|
0 |
|a O104
|
| 082 |
0 |
0 |
|a 338.1/7361/095491
|2 19
|
| 210 |
0 |
|
|a Pak. sugar j.
|
| 222 |
|
0 |
|a Pakistan sugar journal
|
| 245 |
0 |
0 |
|a Pakistan sugar journal
|h [electronic resource].
|
| 260 |
|
|
|a [Faisalabad] :
|b [M.A. Qureshi],
|c [1985?-]
|
| 310 |
|
|
|a Quarterly
|
| 362 |
0 |
|
|a Jan.-Mar. 1985-
|
| 500 |
|
|
|a Title from cover.
|
| 506 |
|
|
|a License restrictions may limit access.
|
| 650 |
|
0 |
|a Sugarcane industry
|z Pakistan
|v Periodicals.
|
| 650 |
|
0 |
|a Sugar
|x Manufacture and refining
|z Pakistan
|v Periodicals.
|
| 650 |
|
0 |
|a Sugarcane
|z Pakistan
|v Periodicals.
|
| 650 |
|
7 |
|a Sugar
|x Manufacture and refining.
|2 fast
|0 (OCoLC)fst01137281
|
| 650 |
|
7 |
|a Sugarcane.
|2 fast
|0 (OCoLC)fst01137481
|
| 650 |
|
7 |
|a Sugarcane industry.
|2 fast
|0 (OCoLC)fst01137522
|
| 651 |
|
7 |
|a Pakistan.
|2 fast
|0 (OCoLC)fst01210275
|
| 655 |
|
0 |
|a Electronic journals.
|
| 850 |
|
|
|a CU
|a DLC
|a DNAL
|a ICRL
|
| 856 |
4 |
0 |
|z Full text available from Research Library: 01/01/2011 to present
|u https://search.proquest.com/publication/616531
|